01226nam a2200217 i 4500001000700000003000900007005001700016007000300033008004100036245011600077260005100193300002800244505039400272650003000666700003800696700005600734700003100790852004600821999001900867952012200886149821ES-MaACL20250815062537.0t|071024m19281931sp ||||1| spa d00aGeografía universal b: descripción moderna del mundo / cdirector científico D. Fernando Valls Taberner. aBarcelona : bInstituto Gallach, c[1928-1931] a5 v. : bil. ; c30 cm.8 aContiene: t. 1. El espacio y la tierra / por D. Victoriano Fernández Ascarza...[et al.] -- t. 2. Europa (menos España y Portugal) / por D. Miguel Santaló...[et al.] -- t. 3. España y Portugal / por D. Miguel Santaló...[et al.] -- t. 4. Asia, Africa, Oceanía, regiones polares / por D. Gonzalo de Reparaz (hijo)...[et al.] -- t. 5. América / por D. Miguel Santaló...[et al.]07aGeografía2embne9130701 aValls i Taberner, Ferran.91129421 aFernández Ascarza, Victoriano, d1870-19349494861 aSantaló, Miguel.9103269 aES-MaACLjA-265-69 z.- Falta el vol. 1º c149821d149821 00104070aATENEOMbATENEOMcSPP1d2008-01-17eSCl0oA-265-69p1156338r2023-02-23 00:00:00w2023-02-23yMONOGRAFIA